अजनबी मुसाफिर/ (Record no. 9091)

MARC details
000 -LEADER
fixed length control field 01218 a2200241 4500
010 ## - LIBRARY OF CONGRESS CONTROL NUMBER
LC control number HIN-81849
020 ## - INTERNATIONAL STANDARD BOOK NUMBER
Terms of availability 125.00
International Standard Book Number 8190183508
035 ## - SYSTEM CONTROL NUMBER
System control number HN-54195
037 ## - SOURCE OF ACQUISITION
Source of stock number/acquisition पु.प्र.अ.प्र/प्रका
082 14 - DEWEY DECIMAL CLASSIFICATION NUMBER
Classification number
090 ## - LOCALLY ASSIGNED LC-TYPE CALL NUMBER (OCLC); LOCAL CALL NUMBER (OCLC)
-- 9258
-- 9258
100 1# - MAIN ENTRY--PERSONAL NAME
Personal name स्कॉट, वाल्टर
245 1# - TITLE STATEMENT
Title अजनबी मुसाफिर/
Statement of responsibility, etc वाल्टर स्कॉट
246 ## - VARYING FORM OF TITLE
Title proper/short title Ajnabi musafir
Remainder of title by Valter Scot
260 ## - PUBLICATION, DISTRIBUTION, ETC. (IMPRINT)
Place of publication, distribution, etc नई दिल्ली
Name of publisher, distributor, etc अंकित पब्लिकेशंस
Date of publication, distribution, etc 2005
270 ## - ADDRESS
Address ए-2/174, सफदरजंग एन्क्लेव
City नई दिल्ली
Postal code 110029
300 ## - PHYSICAL DESCRIPTION
Extent 80पृ
Dimensions 22सेमी(सजिल्द)
Other physical details सचित्र
650 ## - SUBJECT ADDED ENTRY--TOPICAL TERM
Topical term or geographic name as entry element हिन्दी उपन्यास
650 ## - SUBJECT ADDED ENTRY--TOPICAL TERM
Topical term or geographic name as entry element Hindi Novel
942 ## - ADDED ENTRY ELEMENTS (KOHA)
Institution code [OBSOLETE] dpl
Koha item type Hindi Books
Call number prefix उ / स्कॉटवा
Holdings
Withdrawn status Lost status Source of classification or shelving scheme Damaged status Not for loan Collection code Home library Current library Date acquired Cost, normal purchase price Total Checkouts Full call number Barcode Date last seen Copy number Uniform Resource Identifier Cost, replacement price Price effective from Koha item type Date checked out
    Dewey Decimal Classification     Fiction D.B.Act.Division D.B.Act.Division   125.00   उ स्कॉट HN-54195 15/09/2008 1 10046 125.00 15/09/2008 Hindi Books  
    Dewey Decimal Classification     Fiction Vinoba Puri Vinoba Puri 23/02/2009 125.00 5 उ स्कॉट B-317408 26/09/2013 1   125.00 23/02/2009 Hindi Books 25/09/2013

© Delhi Public Library
Hit Counter
free hit counter